One Piece-Dans quel arc Nami porte-t-elle cette tenue? - Statistiques

Statistiques générales
  • Ce quiz a été pris 900 fois
  • Le résultat moyen est 9 sur 12
Statistiques - réponses
Par images Réponse % Correct
Alabasta
93%
Egghead
86%
Onigashima
86%
Thriller Bark
85%
Punk Hazard
79%
Water Seven
79%
Arlong Park
78%
Whole Cake Island
76%
Skypiea
63%
Dressrosa
59%
Romance Dawn
55%
Post Marine-Ford
15%
Aucun quiz correspondant
Distribution des résultats
% des personnes avec chaque résultat
Percentile par nombre de réponses
Votre historique - résultats
Vous n’avez pas pris ce quiz